Statistics for Multiple Word Countries

Click here to take the quiz!

General Stats

  • This quiz has been taken 75 times
  • The average score is 29 of 37

Answer Stats

wordscountry% Correct
2North Korea
95%
2South Africa
93%
2South Korea
93%
2United States
93%
2United Kingdom
92%
2New Zealand
90%
4Saint Kitts and Nevis
90%
5Democratic Republic of the Congo
89%
2Dominican Republic
85%
5Saint Vincent and the Grenadines
85%
3United Arab Emirates
85%
3Trinidad and Tobago
84%
4Republic of the Congo
82%
3Antigua and Barbuda
80%
3Papua New Guinea
80%
2Marshall Islands
79%
2North Macedonia
79%
2South Sudan
79%
2Saint Lucia
77%
2Saudi Arabia
77%
2Solomon Islands
77%
2Sri Lanka
77%
2East Timor
74%
2El Salvador
74%
4São Tomé and Príncipe
74%
3Bosnia and Herzegovina
72%
2Cape Verde
70%
2Costa Rica
69%
4Federated States of Micronesia
69%
2Vatican City
69%
2San Marino
67%
2Equatorial Guinea
66%
2Guinea-Bissau
64%
2Ivory Coast
64%
3Central African Republic
56%
2Sierra Leone
56%
2Burkina Faso
54%

Score Distribution

Percentile by Number Answered

Percent of People with Each Score

Your Score History

You have not taken this quiz